Principles of road engineering, (Record no. 547320)
[ view plain ]
| 000 -LEADER | |
|---|---|
| fixed length control field | 00630cam a2200181 4500 |
| 082 ## - DEWEY DECIMAL CLASSIFICATION NUMBER | |
| Classification number | 625.7 |
| Author Mark | COL |
| -- | D |
| 100 1# - MAIN ENTRY--PERSONAL NAME | |
| Personal name | Collins, Horatio John. |
| 9 (RLIN) | 43525 |
| 245 00 - TITLE STATEMENT | |
| Title | Principles of road engineering, |
| Statement of responsibility, etc. | by H. John Collins ... and C. A. Hart ... |
| 260 ## - PUBLICATION, DISTRIBUTION, ETC. | |
| Place of publication, distribution, etc. | London, |
| Name of publisher, distributor, etc. | E. Arnold & co., |
| Date of publication, distribution, etc. | 1936. |
| 300 ## - PHYSICAL DESCRIPTION | |
| Extent | xv, 1, 628 p. incl., front., tables. |
| Other physical details | illus., xx fold. pl., maps, diagrs. |
| Dimensions | 24 cm. |
| 490 1# - SERIES STATEMENT | |
| Series statement | The Roadmakers' library, vol. VI |
| 500 ## - GENERAL NOTE | |
| General note | Series title in part at head of t.-p. |
| 526 ## - STUDY PROGRAM INFORMATION NOTE | |
| Program name | 0 |
| Interest level | 0 |
| Reading level | 0 |
| Title point value | 625_700000000000000_COL |
| 650 #0 - SUBJECT ADDED ENTRY--TOPICAL TERM | |
| Topical term or geographic name entry element | MCE |
| 9 (RLIN) | 379 |
| 650 #0 - SUBJECT ADDED ENTRY--TOPICAL TERM | |
| Topical term or geographic name entry element | Roads. |
| 700 1# - ADDED ENTRY--PERSONAL NAME | |
| Personal name | Hart, C. A. |
| 9 (RLIN) | 43526 |
| 942 ## - ADDED ENTRY ELEMENTS (KOHA) | |
| Source of classification or shelving scheme | |
| Koha item type | Book |
| Withdrawn status | Lost status | Source of classification or shelving scheme | Damaged status | Not for loan | Permanent Location | Current Location | Date acquired | Total Checkouts | Full call number | Barcode | Date last seen | Price effective from | Koha item type |
|---|---|---|---|---|---|---|---|---|---|---|---|---|---|
| Military College of Engineering (MCE) | Military College of Engineering (MCE) | 07/08/2014 | 625.7 COL | MCE-44730 | 07/08/2014 | 07/08/2014 | Book |
